000 00376nam a2200109Ia 4500
008 160909s9999 xx 000 0 und d
100 _aMaas, Andrea
245 _aMusical expression in the high school choral classroom
260 _bTeachers College, Columbia University.
_c2016
650 _aMULTIMEDIA ARTS
856 _uhttp://pqdtopen.proquest.com/doc/1794655952.html?FMT=ABS
999 _c304376
_d304376